Score 0/7 Timer 03:00
0 Plays Today
Question Answer Wrong Answers
'Heartbreak Hotel', which was performed by this artist, enters the Billboard pop charts at #68. It spent a total of 27 weeks in the top 100.
1956
Elvis Presley
93.9%
Carl Perkins
1.1%
Fats Domino
1.3%
Frank Sinatra
2.4%
The existence of 'Dolly,' the first cloned mammal, is announced to the public. What species was she?
1997
Sheep
93.1%
Cow
1.2%
Horse
0.7%
Goat
2.3%
George Washington is born in this state.
1732
Virginia
87.1%
North Carolina
2.9%
New Jersey
2.8%
Massachusetts
7.2%
The 81st Academy Awards is held. Heath Ledger is posthumously awarded Best Supporting Actor for his performance in this movie.
2009
The Dark Knight
85.5%
I'm Not There
0.8%
Candy
0.6%
Brokeback Mountain
10.1%
The 'Miracle on Ice' occurs when the US men's hockey team defeats this country in the Winter Olympics.
1980
Soviet Union
80.4%
Norway
2.2%
Canada
12.2%
Sweden
2.7%
The first of this NASCAR race is won by Lee Petty.
1959
Daytona 500
62%
Indianapolis 500
30%
Sprint Cup
1.5%
Winston Cup
4.5%
Sukarno resigns from the presidency of this country, allowing Suharto to rise to power.
1967
Indonesia
56.4%
Philippines
15.8%
Thailand
14.2%
Vietnam
12.2%
Remove Ads.
Support Sporcle.
Get the best of Sporcle when you Go Orange. This ad-free experience offers more features, more stats, and more fun while also helping to support Sporcle. Thank you for becoming a member.

You're not logged in!

Compare scores with friends on all Sporcle quizzes.
OR
Log In

Show Comments

Extras

Top Quizzes Today


Score Distribution

Your Account Isn't Verified!

In order to create a playlist on Sporcle, you need to verify the email address you used during registration. Go to your Sporcle Settings to finish the process.

Report this User

Report this user for behavior that violates our Community Guidelines.

Details: